Hloubení /
Do lesa přeludů a podivných bytostí - mytág - se otec vydává hledat svého malého syna. Vyzvou ho k tomu lidé, kteří se snaží odkrýt tajemství lesa a mají dojem, že objevili i stopu chlapce. Po mnoha útrapách je chlapec nalezen a po 6 letech nepřítomnosti v reálném světě je stejně starý, jako když úd...
Uloženo v:
| Série: | Les mytág,
část 4 |
|---|---|
| Hlavní autor: | |
| Další autoři: | |
| Médium: | Kniha |
| Jazyk: | Czech |
| Vydáno: |
Praha :
Argo,
2017
|
| Vydání: | Vydání druhé, v nakladatelství Argo první |
| Edice: | Fantastika (Argo)
|
| Témata: | |
| Celkem bylo vypůjčeno: | 1x |
| Příbuzné jednotky: | Z cyklu::
Les mytág |
| Tagy: |
Žádné tagy |
| LEADER | 02027nam a2200445 i 4500 | ||
|---|---|---|---|
| 001 | 94645 | ||
| 003 | CZ PrSKC | ||
| 005 | 20230719140527.0 | ||
| 007 | ta | ||
| 008 | 161024s2017 xr a g 000 f cze | ||
| 020 | |a 9788025719077 |q (vázáno) | ||
| 040 | |a BOA001 |b cze |d OLA001 |e rda | ||
| 041 | 1 | |a cze |h eng | |
| 072 | 7 | |a 821.111-3 |x Anglická próza, anglicky psaná |2 Konspekt |9 25 | |
| 080 | |a 821.111-31 |2 MRF | ||
| 080 | |a (0:82-312.9) |2 MRF | ||
| 100 | 1 | |a Holdstock, Robert, |d 1948-2009 |7 jn19990009608 |4 aut |9 16515 | |
| 240 | 1 | 0 | |a Hollowing. |l Česky |
| 245 | 1 | 0 | |a Hloubení / |c Robert Holdstock ; přeložil Petr Kotrle |
| 250 | |a Vydání druhé, v nakladatelství Argo první | ||
| 264 | 1 | |a Praha : |b Argo, |c 2017 | |
| 300 | |a 285 stran : |b ilustrace ; |c 22 cm | ||
| 336 | |a text |b txt |2 rdacontent | ||
| 337 | |a bez média |b n |2 rdamedia | ||
| 338 | |a svazek |b nc |2 rdacarrier | ||
| 490 | 1 | |a Fantastika ; |v 66. svazek | |
| 500 | |a Přeloženo z angličtiny | ||
| 520 | |a Do lesa přeludů a podivných bytostí - mytág - se otec vydává hledat svého malého syna. Vyzvou ho k tomu lidé, kteří se snaží odkrýt tajemství lesa a mají dojem, že objevili i stopu chlapce. Po mnoha útrapách je chlapec nalezen a po 6 letech nepřítomnosti v reálném světě je stejně starý, jako když údajně zemřel. Náročný fantasy příběh. | ||
| 520 | |a Ve třetím příběhu o tajuplném lese hledá otec za pomoci přátel svého malého syna, který je pokládán za mrtvého. | ||
| 655 | 7 | |a anglické romány |7 fd131814 |2 czenas |9 53421 | |
| 655 | 7 | |a fantasy romány |7 fd184199 |2 czenas |9 54250 | |
| 655 | 9 | |a English fiction |2 eczenas | |
| 655 | 9 | |a fantasy novels |2 eczenas | |
| 700 | 1 | |a Kotrle, Petr, |d 1967- |7 mzk2003187206 |4 trl |9 22267 | |
| 787 | 0 | 8 | |i Z cyklu: |t Les mytág |g 4 |
| 830 | 0 | |a Fantastika (Argo) | |
| 910 | |a UOG502 | ||
| 942 | |2 ddc |c KN | ||
| 999 | |d 94645 | ||
| 993 | |0 0 |1 421180095060 |2 ddc |4 0 |7 0 |9 82849 |b 0 |c 95060 |d 2021-01-05 |e 1 |f DOSP |h 298.00 |i Koupě |l DOSP |r 2021-02-18 |s 2021-01-13 |t 6 |w 2021-01-05 |y KN |z SFF | ||